Smart Technologies for Energy, Environment and Sustainable Development Select Proceedings of ICSTEESD 2018 /

This book comprises select proceedings of the International Conference on Smart Technologies for Energy, Environment, and Sustainable Development (ICSTEESD 2018). The chapters are broadly divided into three focus areas, viz. energy, environment, and sustainable development, and discusses the relevan...

Full description

Bibliographic Details
Corporate Author: SpringerLink (Online service)
Other Authors: Kolhe, Mohan Lal (Editor, http://id.loc.gov/vocabulary/relators/edt), Labhasetwar, Pawan Kumar (Editor, http://id.loc.gov/vocabulary/relators/edt), Suryawanshi, H. M. (Editor, http://id.loc.gov/vocabulary/relators/edt)
Format: Electronic eBook
Language:English
Published: Singapore : Springer Singapore : Imprint: Springer, 2019.
Edition:1st ed. 2019.
Series:Lecture Notes on Multidisciplinary Industrial Engineering,
Subjects:
Online Access:Full Text via HEAL-Link
LEADER 03449nam a2200541 4500
001 978-981-13-6148-7
003 DE-He213
005 20191025182420.0
007 cr nn 008mamaa
008 190702s2019 si | s |||| 0|eng d
020 |a 9789811361487  |9 978-981-13-6148-7 
024 7 |a 10.1007/978-981-13-6148-7  |2 doi 
040 |d GrThAP 
050 4 |a TK1001-1841 
072 7 |a TH  |2 bicssc 
072 7 |a TEC031000  |2 bisacsh 
072 7 |a TH  |2 thema 
082 0 4 |a 621.042  |2 23 
245 1 0 |a Smart Technologies for Energy, Environment and Sustainable Development  |h [electronic resource] :  |b Select Proceedings of ICSTEESD 2018 /  |c edited by Mohan Lal Kolhe, Pawan Kumar Labhasetwar, H. M. Suryawanshi. 
250 |a 1st ed. 2019. 
264 1 |a Singapore :  |b Springer Singapore :  |b Imprint: Springer,  |c 2019. 
300 |a XVI, 801 p. 489 illus., 369 illus. in color.  |b online resource. 
336 |a text  |b txt  |2 rdacontent 
337 |a computer  |b c  |2 rdamedia 
338 |a online resource  |b cr  |2 rdacarrier 
347 |a text file  |b PDF  |2 rda 
490 1 |a Lecture Notes on Multidisciplinary Industrial Engineering,  |x 2522-5022 
505 0 |a 1. Smart technologies for Energy -- 2. Smart technologies for Environment -- 3. Smart technologies for Sustainable Development. 
520 |a This book comprises select proceedings of the International Conference on Smart Technologies for Energy, Environment, and Sustainable Development (ICSTEESD 2018). The chapters are broadly divided into three focus areas, viz. energy, environment, and sustainable development, and discusses the relevance and applications of smart technologies in these fields. A wide variety of topics such as renewable energy, energy conservation and management, energy policy and planning, environmental management, marine environment, green building, smart cities, smart transportation are covered in this book. Researchers and professionals from varied engineering backgrounds contribute chapters with an aim to provide economically viable solutions to sustainable development challenges. The book will prove useful for academics, professionals, and policy makers interested in sustainable development. 
650 0 |a Energy systems. 
650 0 |a Electronic circuits. 
650 0 |a Sustainable architecture. 
650 0 |a Sustainable development. 
650 1 4 |a Energy Systems.  |0 http://scigraph.springernature.com/things/product-market-codes/115000 
650 2 4 |a Circuits and Systems.  |0 http://scigraph.springernature.com/things/product-market-codes/T24068 
650 2 4 |a Sustainable Architecture/Green Buildings.  |0 http://scigraph.springernature.com/things/product-market-codes/122000 
650 2 4 |a Sustainable Development.  |0 http://scigraph.springernature.com/things/product-market-codes/U34000 
700 1 |a Kolhe, Mohan Lal.  |e editor.  |4 edt  |4 http://id.loc.gov/vocabulary/relators/edt 
700 1 |a Labhasetwar, Pawan Kumar.  |e editor.  |4 edt  |4 http://id.loc.gov/vocabulary/relators/edt 
700 1 |a Suryawanshi, H. M.  |e editor.  |4 edt  |4 http://id.loc.gov/vocabulary/relators/edt 
710 2 |a SpringerLink (Online service) 
773 0 |t Springer eBooks 
776 0 8 |i Printed edition:  |z 9789811361470 
776 0 8 |i Printed edition:  |z 9789811361494 
830 0 |a Lecture Notes on Multidisciplinary Industrial Engineering,  |x 2522-5022 
856 4 0 |u https://doi.org/10.1007/978-981-13-6148-7  |z Full Text via HEAL-Link 
912 |a ZDB-2-ENE 
950 |a Energy (Springer-40367)